[Event "GER-ch Net blitz qual3"]
[Site "Playchess.com INT"]
[Date "2021.05.07"]
[Round "3"]
[White "Hunder, Frank"]
[Black "Minotas, Fotios"]
[Result "1-0"]
[WhiteElo "1627"]
[BlackElo "1409"]
[PlyCount "115"]
[EventDate "2021.05.07"]
[EventType "swiss (blitz)"]
[EventRounds "11"]
[EventCountry "GER"]
[SourceTitle "CBM 202 Extra"]
[Source "ChessBase"]
[SourceDate "2021.07.31"]
[SourceVersion "1"]
[SourceVersionDate "2021.07.31"]
[SourceQuality "1"]

1. e4 c5 2. Bc4 e6 3. a3 a6 4. f4 b5 5. Ba2 Bb7 6. d3 Nc6 7. Nf3 d6 8. 0-0 Nf6 9. c3 Be7 10. Be3 Qc7 11. h3 0-0 12. Nbd2 Rad8 13. Qc2 Rfe8 14. Rad1 Nd7 15. d4 Nb6 16. e5 dxe5 17. fxe5 cxd4 18. cxd4 Rc8 19. Bb1 g6 20. Ne4 Nd5 21. Bf2 Na5 22. Qxc7 Rxc7 23. b4 Nc4 24. Nc5 Rec8 25. Rd3 Bxc5 26. bxc5 Nf4 27. Rb3 Nd5 28. Bh4 Na5 29. Rd3 Nc4 30. Ng5 h6 31. Ne4 Ne7 32. Nd6 Rf8 33. Bxe7 Rxe7 34. Rg3 Kg7 35. h4 h5 36. Rf6 Nd2 37. Bc2 Nc4 38. Kh2 Ba8 39. Rg5 Kh7 40. g4 hxg4 41. Rxg4 Bd5 42. h5 Ne3 43. hxg6+ Kh6 44. Rh4+ Kg5 45. g7 Rg8 46. Bh7 Ng4+ 47. Kg3 Nxf6 48. exf6 Rd7 49. Bxg8 Rd8 50. Bxf7 a5 51. g8Q+ Rxg8 52. Bxg8 b4 53. axb4 axb4 54. f7 b3 55. Rh1 b2 56. f8Q Bxh1 57. Qg7+ Kh5 58. Qh7+ 1-0